00773cam a2200241 i 4500001000800000005001700008008004100025010001700066020002500083040001800108041000800126043002100134080001400155082001800169100000700187101000800194245010100202504004100303906004500344942001200389999001700401952011300418181025820171219085639.0800515s1979 azua b 000 0 eng  a 79052509  a0873582055 :c$20.00 aDLCcDLCdDLC aeng an-us-caan-ust-- a779.3 BAE00a779.3 BAE2201 a44 aART10aRoom and time enough :cphotos. by Morley Baer ; introd. by Augusta Fink ; lines by Mary Austin. aIncludes bibliographical references. a7bcbccorignewd2eocipf19gy-gencatlg 2ddccBK c39184d39184 00102udc40708PËKGa002b002cPËKGd2017-12-19l0o779.3 BAEp002-2938918r2017-12-19w2017-12-19yBK